| 000 | 00476nam a2200193Ia 4500 | ||
|---|---|---|---|
| 008 | 170918s9999 xx 000 0 und d | ||
| 020 | _a9781595544445 | ||
| 050 | _bJ136ya 2007 | ||
| 100 | _aJackson, Neta | ||
| 245 | 4 | _aThe yada yada prayer group gets rolling : | |
| 245 | _ba novel / | ||
| 245 | _cby Neta Jackson. | ||
| 260 | _aColorado : | ||
| 260 | _bThomas Nelson, | ||
| 260 | _c2007 | ||
| 300 | _a424 pages : | ||
| 300 | _billustrations ; | ||
| 300 | _c21cm. | ||
| 999 |
_c343876 _d343876 |
||